voc 9 espagnol - Statistiques

Statistiques générales
  • Ce quiz a été pris 15 fois
  • Le résultat moyen est 15 sur 35
Statistiques - réponses
Hint Réponse % Correct
ensemble juntos
92%
cette semaine esta semana
85%
non, je ne peux pas no, no puedo
85%
mais pero
85%
toi tu
85%
les yeux bleus los ojos azules
77%
parce que porque
77%
deux baisers dos besos
69%
deux heures plus tard dos horás mas tarde
69%
je ne suis pas espagnole no soy española
62%
monsieur sēnor
62%
eux ellos
54%
tôt temprano
54%
se reposer descansar
46%
commencer empezar
46%
aller en cours ir a clase
46%
nous nous voyons nos vemos
46%
un autre jour otro dia
46%
il s'en va se va
46%
je m'en vais me voy
38%
ils se donnent se dan
38%
sa veste su chaqueta
38%
tu voyages en avion viajas en avion
38%
il me semble que me parece que
31%
elle est marrante es graciosa
23%
je dois me reposer tengo que descansar
23%
du service informatique del servicio de informática
8%
vous arrivez à llega a
8%
ce n'est pas grave no pasa nada
8%
moi, en train to en tren
8%
ils vont en italie va a italia
8%
elle est sympa es muy maja
0%
j'ai besoin d'aide necesito estudiar
0%
il dit au revoir aux autres se despide de los demás
0%
il est presque minuit et demi son casi las doce y media
0%
Aucun quiz correspondant
Distribution des résultats
% des personnes avec chaque résultat
Percentile par nombre de réponses
Votre historique - résultats
Vous n’avez pas pris ce quiz